Môže byť novinár užitočný v sociálnej sfére?

Bibliographic Details
Main Author: Škorecová, Oľga, 1956- (Author)
Format: Article
Language:Slovak
PhysicalDescription:Fotogr.
ISSN:1335-566X
Subjects:

MARC

LEADER 00000nab a2200000 a 4500
001 vtls000783386
003 SK-MaSNL
005 20260304214420.0
008 250429c2001 xo 0 slo
015 |a SNBRB2002/02-06024 
035 |a CLN000135094 
035 |a urn:nbn:sk:snk-ab7bjn 
035 |a (uuid)fe4be8d1-e8c5-48e1-a1a4-69b96c00329a 
035 |a (urnnbn)urn:nbn:sk:snk:ar-a07hew 
035 |a (sysno)vtls000783386 
040 |a SNKBUCL  |b slo  |c SNKBUCL  |e AACR2 
041 0 |a slo 
044 |a xo  |c SK 
080 |a 362:659.3  |2 1997 
080 |a 070.11  |2 1997 
080 |a 659.3  |2 1997 
100 1 |a Škorecová, Oľga,  |d 1956-  |4 aut  |9 22355 
245 1 0 |a Môže byť novinár užitočný v sociálnej sfére?  |c Oľga Škorecová 
300 |b Fotogr. 
504 |a Biogr. údaje 
610 7 |a Slovenská humanitná rada  |x novinári  |2 snkbucl  |9 1548166 
630 0 7 |a Humanita (časopis)  |2 snkbucl  |9 1548167 
650 0 7 |a humanita  |x dobrovoľníctvo  |x medializácia  |2 snkbucl  |9 1548168 
650 0 7 |a dobrovoľníctvo  |2 snkbucl  |9 17055 
650 0 7 |a žurnalistika  |2 snkbucl  |9 951 
650 0 7 |a médiá  |2 snkbucl  |9 1424 
655 7 |a články z novín a časopisov  |2 snkbucl  |9 267496 
773 0 |t Forum scientiae et sapientiae  |g Roč. 8, č. 3-4 (2001), s. 13-14  |x 1335-566X 
850 |a Slovenská národná knižnica 
852 |a Slovenská národná knižnica 
954 |a odborná, vedecká literatúra pôvodná (slovenská)  |2 lita 
958 |a article27 
958 |a BX 
958 |a SK 
958 |a OND 
958 |a EUIPO 
992 |a RBX 
999 |c 3141221  |d 3143151